| 000 | 00548nam a22001935i 4500 | ||
|---|---|---|---|
| 001 | 53447 | ||
| 003 | ES-MaACL | ||
| 005 | 20230906162752.0 | ||
| 007 | t| | ||
| 008 | 950927s1886 fr ||||1| fre d | ||
| 040 |
_aCAM _bspa _cCAM |
||
| 100 | 0 |
_aEstrabón. _948188 |
|
| 245 | 1 | 0 |
_aGéographie de Strabon / _ctraduction... par Amédée Tardieu. |
| 250 | _a2e éd. | ||
| 260 |
_aParis : _bHachette et Cie., _c1886 ( _fP. Brodard et Gallois) |
||
| 300 |
_a4 v. ; _c19 cm. |
||
| 700 | 1 |
_aTardieu, Amédée. _9109272 |
|
| 852 |
_aES-MaACL _jF-11154-7 |
||
| 999 |
_c53447 _d53447 |
||